| 000 | 01022nam a22002417i 4500 | ||
|---|---|---|---|
| 003 | URS | ||
| 005 | 20240416181703.0 | ||
| 008 | 190216b ||||| |||| 00| 0 eng d | ||
| 040 |
_beng _erda _cURS Pililla Library |
||
| 082 | 0 | 0 | _bT BSBA HRDM2 2014 |
| 100 | 1 |
_aBias, Sherelyne L. _eresearcher |
|
| 245 | 1 | 0 |
_aEmployees contentment on wage and salary of the faculty and staff of the University of Rizal System Pililla, calendar year 2014/ _cSherelyne L. Bias |
| 300 |
_axi, 63 leaves; _c28 cm. |
||
| 336 |
_atext _btxt _2rdacontent |
||
| 337 |
_aunmediated _bn _2rdamedia |
||
| 338 |
_avolume _bnc _2rdacarrier |
||
| 502 |
_aThesis _bBachelor of Science in Business Administration Major in Human Resource Development Management _cUniversity of Rizal System Pililla |
||
| 700 | 1 |
_aCastaneda, Gladys Ann M. _eresearcher |
|
| 700 | 1 |
_aSantos, Elaine C. _eresearcher |
|
| 700 | 1 |
_aSantos, Ma. Cecilia L. _eadviser |
|
| 856 |
_3Online Request for Student Unpublished Works _uhttps://forms.gle/7LqvGGkaDrUQqz429 |
||
| 942 |
_2ddc _cT |
||
| 999 |
_c76445 _d76444 |
||